000 00561nam a2200229Ia 4500
003 OSt
005 20220924140341.0
006 a|||||r|||| 00| 0
007 ta
008 220923b |||||||| |||| 00| 0 ben d
024 _a294717
037 _cTextual
040 _aARTS
_cARTS
_bben
041 _2ben
_aben
082 _aO157,3M83,6, J6
100 _aDevi Nirupama
_9211264
245 0 _aAleya
260 _c1956
650 _aBENGALI LITERATURE
942 _hO157,3M83,6, J6
_cTEXL
_2CC
999 _c443899
_d443899